000 01498cam a2200385 a 4500
001 8375
003 FISKH
005 20250910103054.0
008 110804s2012 nyua j b 000 0 eng
010 _a 2011021943
020 _a9780802798138
_qhardback
020 _a9780545624817
020 _a9780802798145
_qreinforced
035 _a16904016
040 _aDLC
_cDLC
_dDLC
050 0 0 _aQL338
_b.M55 2012
082 0 0 _a591.75409943/7
_223
100 1 _aMiller, Debbie S.
245 1 0 _aSurvival at 120 above /
_cDebbie S. Miller ; illustrations by Jon Van Zyle.
260 _aNew York :
_bScholastic,
_c2012.
300 _a24 unnumbered pages :
_bcolor illustrations ; maps ;
_c22 x 29 cm.
336 _atext
_btxt
_2rdacontent
337 _aunmediated
_bn
_2rdamedia
338 _avolume
_bnc
_2rdacarrier
504 _aIncludes bibliographical references.
520 _aIntroduces the variety of animals who call the Australian Simpson Desert home and shows how they have adapted to survive extreme temperatures.
650 0 _aDesert animals
_zAustralia
_zSimpson Desert
_vJuvenile literature.
650 0 _aDesert ecology
_zAustralia
_zSimpson Desert
_vJuvenile literature.
650 0 _aHeat adaptation
_zAustralia
_zSimpson Desert
_vJuvenile literature.
655 7 _aLiterature.
_2lcgft
_0https://id.loc.gov/authorities/genreForms/gf2014026415
700 1 _aVan Zyle, Jon,
_eillustrator
906 _a7
_bcbc
_corignew
_d1
_eecip
_f20
_gy-gencatlg
942 _2ddc
_cBK
_n0
999 _c8375
_d8375